Fundamentals of aerodynamics

Guardat en:
Dades bibliogràfiques
Autor principal: ANDERSON, John D.
Format: Llibre
Idioma:anglès
Publicat: McGraw-Hill 2011
Etiquetes: Afegir etiqueta
Sense etiquetes, Sigues el primer a etiquetar aquest registre!

MARC

LEADER 00000nam a22000007a 4500
008 240912b |||||||| |||| 00| 0 eng d
020 |a 9780073398105 
100 |a ANDERSON, John D. 
245 |a Fundamentals of aerodynamics  |c /John D.Anderson  |e (McGraw Hill series in aeronautical and aerospace engineering)  |g xxiii, 1105p;ill 
250 |b 5th 
260 |b McGraw-Hill  |c 2011  |h New York  |i 702762  |i 702763  |i 702764  |l TL570.An2  |m Aerodynamics 
500 |a it includes references and index 
942 |a lcc  |c BK  |e Johnson  |f 12/09/24 
952 |0 0  |1 0  |2 lcc  |4 0  |6 TL0570 A N2  |7 0  |9 5571  |a TL  |b HOL  |c QZ  |d 2024-09-12  |l 0  |o TL570.An2  |p 2024-0810  |r 2024-09-12 00:00:00  |t 702762  |w 2024-09-12  |y BK 
952 |0 0  |1 0  |2 lcc  |4 0  |6 TL0570 A N2  |7 0  |9 5572  |a TL  |b HOL  |c QZ  |d 2024-09-12  |l 0  |o TL570.An2  |p 2024-0811  |r 2024-09-12 00:00:00  |t 702763  |w 2024-09-12  |y BK 
952 |0 0  |1 0  |2 lcc  |4 0  |6 TL0570 A N2  |7 0  |9 5573  |a TL  |b HOL  |c QZ  |d 2024-09-12  |l 0  |o TL570.An2  |r 2024-09-12 00:00:00  |t 702764  |w 2024-09-12  |y BK 
999 |c 2749  |d 2749